Responses for Show #5536 - Monday, October 6, 2008

Erik Nelson game 3.

Contestants

[<< previous game]

Laura Wallace, a remittance processing clerk from Portland, Oregon

Sean Doyle, a corporate trainer from Toronto, Ontario, Canada

Erik Nelson, a graduate student from Boston, Massachusetts (whose 2-day cash winnings total $51,002)

[next game >>]

Jeopardy! Round responses

WORLD RELIGION
SPORTS NICKNAMES
MOST POPULAR BABY NAMES OF 2007
HARK, WHO SAID THAT?
(Alex: HARK, which Shakespearean character SAID THAT?)
"G" WHIZ
BOARD OF DIRECTORS
    $200 2
(Sean: Who are Muslims?)

Muhammad

ErikSean
    $200 10
(Lou) Gehrig

Erik
    $200 13
Emily

Erik
    $200 1
King Lear

Sean
    $200 7
grindstone

Laura
    $200 24
Ford

Erik
    $400 3
Hinduism

Erik
    $400 11
(Adam) Jones

Erik
    $400 22
Michael

Laura
    $400 8
Juliet

Laura
    $400 18
grace

Laura
    $400 27
Coca-Cola

Erik
    $600 4
Lebanon

Erik
    $600 12
(Erik: Who is Drexel?)

(Clyde "The Glide") Drexler

ErikSean
    $600 23
Olivia

Sean
    $600 9
Brutus

Sean
    $600 19
gluttony

Erik
    $1,000 30
(Alex: You have a big lead, Erik, and you have a total of $10,800. On one of our previous shows, you said, "I want to say, 'Let's make it a True Daily Double, Alex.'")
(Erik: I'm glad I already got to say that.)
(Alex: Oh.)

Goodyear

Erik
    $800 5
(Sean: What is voodoo?)

Santeria

ErikSean
    $800 14
(Bjorn) Borg

Erik
    $800 25
Joshua

Laura
    $800 16
Hamlet

Erik
    $800 20
gestation

Erik
    $800 28
Anheuser-Busch

Sean
    $1000 6
(Emanuel) Swedenborg

Erik
    $1000 15
Gilbert Arenas

Triple Stumper
    $1000 26
Anthony

Erik
    $1000 17
Lady Macbeth

Erik
    $1000 21
Greenwich

Erik
    $1000 29
Pfizer

Erik

Scores at the first commercial break (after clue 16):

Erik Sean Laura
$4,800 $400 $600

Scores at the end of the Jeopardy! Round:

Erik Sean Laura
$11,800 $1,800 $2,200

Double Jeopardy! Round responses

EUROPEAN HISTORY
IT'S A BIT CHILE TODAY
CHANGE ONE LETTER
(Alex: ...each clue will require two responses. They will be different by only one letter.)
THEY CALL THE WIND...
COLLEGES & UNIVERSITIES
NOT BORED OF DIRECTORS
    $400 1
(Sean: What is grand duke?)

doge

ErikSean
    $400 6
Argentina

Erik
    $400 12
glue & glum

Erik
    $400 7
the monsoon

Sean
    $400 26
Columbia

Erik
    $400 21
Peter Jackson

Laura
    $800 2
Denmark & Norway

Erik
    $800 8
a palace

Erik
    $800 13
grade & grave

Sean
    $800 17
a whirlwind

Laura
    $800 27
Princeton

Sean
    $800 22
John Ford

Erik
    $1200 3
Marat

Sean
    $1200 9
the Andes

Erik
    $1200 14
braid & brain

Erik
    $1200 18
a cyclone

Laura
    $1200 28
Harvard

Erik
    $1200 23
(Martin) Scorsese

Erik
    $2,600 4
(Sean: What is the Baltic League?)

the Hanseatic League

Sean
    $1600 10
Easter Island

Sean
    $1600 15
veer & seer

Laura
    $1600 19
the jet stream

Triple Stumper
    $1600 29
Stanford

Triple Stumper
    $1600 24
David Lynch

Laura
    $2000 5
Austria-Hungary & Germany (also Italy)

Sean
    $2000 11
copper

Sean
    $3,000 16
(Laura: What are starts and [*]?)
(Alex: Oooh. [*] would have been correct. But you added the "s" on starts and so we have to rule against you, and that drops you down to $800.)

start & stark

Laura
    $2000 20
a Chinook

Sean
    $2000 30
Duke

Laura
    $2000 25
Mrs. Miniver

Triple Stumper

Scores at the end of the Double Jeopardy! Round:

Erik Sean Laura
$20,600 $9,600 $6,800
(lock game)

[wagering suggestions for these scores]

Final Jeopardy! Round responses

20th CENTURY WOMEN
(Alex: [To Laura] Good for you. Yes. Silent Spring, 1962.)
LauraWho is Rachel Carson?
$6,401
SeanWho is Elanor Roosevelt?
$2,400
ErikWho is ?
$1,399
Rachel Carson

Final scores:

Erik Sean Laura
$19,201 $7,200 $13,201
3-day champion: $70,203 3rd place: $1,000 2nd place: $2,000

Game dynamics:

Coryat scores:

Erik Sean Laura
$20,200 $12,200 $9,800
30 R
(including 1 DD),
1 W
13 R,
4 W
(including 1 DD)
11 R,
1 W
(including 1 DD)

Combined Coryat: $42,200

[game clues] [game scores] [suggest correction]

Game tape date: 2008-08-20
The J! Archive is created by fans, for fans. Scraping, republication, monetization, and malicious use prohibited; this site may use cookies and collect identifying information. See terms. The Jeopardy! game show and all elements thereof, including but not limited to copyright and trademark thereto, are the property of Jeopardy Productions, Inc. and are protected under law. This website is not affiliated with, sponsored by, or operated by Jeopardy Productions, Inc. Join the discussion at JBoard.tv.